000 01323cam a2200337 a 4500
001 EDZ0000077488
003 StDuBDS
005 20161031105137.0
006 m||||||||d||||||||
007 cr |||||||||||
008 120418s2008 enka fo| 001|0|eng|d
020 _a9781446213247 (ebook) :
_cNo price
040 _aStDuBDS
_beng
_cStDuBDS
_epn
049 _aAlfaisal Main Library
050 0 _aJA71
_b.S299 2008
082 0 4 _a320.5
_223
100 1 _aSchwarzmantel, J. J.
_q(John J.),
_d1947-
245 1 0 _aIdeology and politics
_h[electronic resource] /
_cJohn Schwarzmantel.
260 _aLondon :
_bSAGE,
_cc2008.
300 _a1 online resource (viii, 198 p.) :
_bill.
520 8 _a'Idology and politics' presents an accessible account of a new era of ideological politics, where the dominant neo-liberalism has spawned a diverse global range of 'ideologies of opposition'.
521 _aSpecialized.
588 _aDescription based on print version record.
504 _aIncludes bibliographical references and index.
650 0 _aPolitical science
_xPhilosophy.
655 7 _aElectronic books.
_2local
710 2 _aSage eBooks
776 0 8 _iPrint version :
_z9781412919739
856 4 0 _uhttp://ezproxy.alfaisal.edu/login?url=http://sk.sagepub.com/books/ideology-and-politics
942 _2lcc
_cEBOOKS
999 _c480259
_d480259